000
00269nam a2200097Ia 4500
082
_a
J 333.7932 MACG
245
0
_a
You, too, can be an electrician
100
_a
Macgregor, Neil Cape Town, 2009
_9
42604
942
_c
BK
008
210817s9999 xx 000 0 und d
999
_c
144614
_d
144613